000 00397nam a2200109Ia 4500
008 171204s9999 xx 000 0 und d
245 _aDepathologizing Psychopathology: The Neuroscience of Mental Illness and Its Treatment
245 _cLori Drucker Wasserman and Theodore Wasserm
260 _c2016
650 _xADVANCED PSYCHOPATHOLOGY
856 _uhttp://down.ebook777.com/046/9783319309088.pdf
999 _c346882
_d346882